Memoires de litterature tirez des registres de l'Académie Royale des Inscriptions et Belles Lettres (Record no. 151375)

MARC details
000 -LEADER
campo de control de longitud fija 01202nam a2200229 i 4500
001 - NÚMERO DE CONTROL
campo de control 151375
003 - IDENTIFICADOR DE NÚMERO DE CONTROL
campo de control ES-MaACL
005 - FECHA Y HORA DE LA ÚLTIMA TRANSACCIÓN
campo de control 20230906204002.0
008 - DATOS DE LONGITUD FIJA--INFORMACIÓN GENERAL
campo de control de longitud fija 990727s1723 fr af |||| | fre d
040 ## - FUENTE DE CATALOGACIÓN
Centro catalogador/agencia de origen CCPB | B
Lengua de catalogación spa
Centro/agencia transcriptor CCPB | B
110 2# - ENTRADA PRINCIPAL--NOMBRE DE ENTIDAD CORPORATIVA
Nombre de entidad corporativa o nombre de jurisdicción como elemento de entrada Académie des inscriptions et belles-lettres (Francia)
9 (RLIN) 1230
245 10 - MENCIÓN DEL TÍTULO
Título Memoires de litterature tirez des registres de l'Académie Royale des Inscriptions et Belles Lettres
Resto del título : depuis l'année MDCCXI jusques et compris l'année MDCCXVII : Tome quatrieme.
260 ## - PUBLICACIÓN, DISTRIBUCIÓN, ETC.
Lugar de publicación, distribución, etc. A Paris :
Nombre del editor, distribuidor, etc. de l'Imprimerie Royale,
Fecha de publicación, distribución, etc. 1723.
300 ## - DESCRIPCIÓN FÍSICA
Extensión [6], 743 p., [4] h. de grab., [3] h. de grab. pleg. :
Otras características físicas il. ;
Dimensiones 4º.
597 ## - NOTA DE DESCRIPCIÓN FÍSICA
NOTA DE DESCRIPCIÓN FÍSICA Sign.: [calderón]4, A-Z4, 2A-2Z4, 3A-3Z4, 4A-4Z4, 5A4.
597 ## - NOTA DE DESCRIPCIÓN FÍSICA
NOTA DE DESCRIPCIÓN FÍSICA Port. con grab. calc.
597 ## - NOTA DE DESCRIPCIÓN FÍSICA
NOTA DE DESCRIPCIÓN FÍSICA Texto con apostillas marginales.
599 ## - NOTA A LAS ILUSTRACIONES
NOTA A LAS ILUSTRACIONES Las h. de grab. calc.: "Simonneau S.", representando mapas y planos sobre "etat des tribus ..." y la descripción de la tumba de Marbre Antique.
599 ## - NOTA A LAS ILUSTRACIONES
NOTA A LAS ILUSTRACIONES Grab. calc. en r. de A1.
610 2# - PUNTO DE ACCESO ADICIONAL DE MATERIA--NOMBRE DE ENTIDAD CORPORATIVA
Nombre de entidad corporativa o nombre de jurisdicción como elemento de entrada Académie des inscriptions et belles-lettres (Francia)
9 (RLIN) 1230
852 ## - LOCALIZACIÓN
Ubicación ES-MaACL
Número de control de estantería R-1298-1343
Nota libre -- Enc. piel con super-libris dorado con león rampante
Encuadernación Olim: G-13300-45
Holdings
Estatus retirado Estado de pérdida Estado de daño No para préstamo Colección Biblioteca de origen Biblioteca actual Ubicación en estantería Fecha de adquisición Total de préstamos Signatura topográfica completa Código de barras Visto por última vez Precio de reemplazo Tipo de ítem Koha
        Libros del s. XVIII Biblioteca del Ateneo de Madrid Biblioteca del Ateneo de Madrid Depósito 17/01/2008   R-1298-1343 1157939 23/02/2023 23/02/2023 Libro impreso antiguo